000 00607nam a22001697a 4500
003 UA-OsUOA
001 12025
007 ta
008 20050420b un ||||| |||| 00| 0 ukr d
942 _cSA
040 _aUA-OsUOA
_cUA-OsUOA
_dUA-OsUOA
245 _aНові призначення [на посаду заст. голови облдержадмін. та нач. упр. освіти і науки облдержадмін.]
300 _aС.1
955 _a0
773 0 _w0
_tВісті Рівненщини
_dРівне
_d2005
_g№28/13 квіт./
650 7 _aОблдержадміністрації
_2UDC
999 _c298186
_d298186